| 000 | 00423nam a22001697a 4500 | ||
|---|---|---|---|
| 005 | 20180613160945.0 | ||
| 008 | 160526b xxu||||| |||| 00| 0 eng d | ||
| 020 | _a0-07-123277-X | ||
| 041 | _aeng | ||
| 082 |
_b5321 _a657.3 |
||
| 100 |
_aWild, John J and ohters _91331 |
||
| 245 | _aFinancial Statement analysis | ||
| 260 |
_aNew Delhi _bAcademic Faundation |
||
| 300 | _aR-7 | ||
| 650 |
_aManagement _9241 |
||
| 942 | _cBK | ||
| 999 |
_c1872 _d1871 |
||